| 000 -LEADER |
| fixed length control field |
01111nam a22002297a 4500 |
| 001 - CONTROL NUMBER |
| control field |
21020 |
| 003 - CONTROL NUMBER IDENTIFIER |
| control field |
BD-DhUAP |
| 005 - DATE AND TIME OF LATEST TRANSACTION |
| control field |
20210121145721.0 |
| 008 - FIXED-LENGTH DATA ELEMENTS--GENERAL INFORMATION |
| fixed length control field |
210121r20132020bg a|||| |||| 00| 0 ben d |
| 020 ## - INTERNATIONAL STANDARD BOOK NUMBER |
| International Standard Book Number |
9847007609444 |
| 040 ## - CATALOGING SOURCE |
| Original cataloging agency |
BD-DhUAP |
| Language of cataloging |
Ben |
| Transcribing agency |
BD-DhUAP |
| Modifying agency |
BD-DhUAP |
| 082 ## - DEWEY DECIMAL CLASSIFICATION NUMBER |
| Edition number |
23 |
| Classification number |
923.1 BAR |
| 100 ## - MAIN ENTRY--PERSONAL NAME |
| Personal name |
বড়ুয়া, সুজন। |
| 245 ## - TITLE STATEMENT |
| Title |
শিল্পীর আঁকায় শেখ মুজিব / |
| Statement of responsibility, etc. |
সুজন বড়ুয়া ; আব্দুল মোমেন মিল্টন। |
| 260 ## - PUBLICATION, DISTRIBUTION, ETC. |
| Place of publication, distribution, etc. |
ঢাকা : |
| Name of publisher, distributor, etc. |
বাংলাদেশ শিশু একাডেমি, |
| Date of publication, distribution, etc. |
২০১৩ [২০২০]। |
| 300 ## - PHYSICAL DESCRIPTION |
| Extent |
৩২ পৃষ্ঠা : |
| Other physical details |
চিত্র ; |
| Dimensions |
২৫ সেমি.। |
| 490 ## - SERIES STATEMENT |
| Series statement |
জাতির পিতা বঙ্গবন্ধু শেখ মুজিবুর রহমান শিশু-গ্রন্থমালা-২৩। |
| 600 ## - SUBJECT ADDED ENTRY--PERSONAL NAME |
| Personal name |
Rahman, Sheikh Mujibur, |
| Dates associated with a name |
1920-1975 |
| Form subdivision |
Biography. |
| 651 ## - SUBJECT ADDED ENTRY--GEOGRAPHIC NAME |
| Geographic name |
Politician |
| General subdivision |
Biography. |
| 700 ## - ADDED ENTRY--PERSONAL NAME |
| Personal name |
মিল্টন, আব্দুল মোমেন। |
| 942 ## - ADDED ENTRY ELEMENTS (KOHA) |
| Source of classification or shelving scheme |
|
| Koha item type |
Book |